Electricity Company of Ghana and Power Distribution Services Ghana Limited - Bulk Supply Agreement relating to purchase and sale of capacity and net electrical output for the supply of electricity to end users in the Southern Distribution Zone, 3rd July 2018 (Record no. 4137)

MARC details
000 -LEADER
fixed length control field 00809nam a22001697a 4500
003 - CONTROL NUMBER IDENTIFIER
control field OSt
005 - DATE AND TIME OF LATEST TRANSACTION
control field 20250303152258.0
008 - FIXED-LENGTH DATA ELEMENTS--GENERAL INFORMATION
fixed length control field 240705b |||||||| |||| 00| 0 eng d
041 ## - LANGUAGE CODE
Language code of text/sound track or separate title English
082 ## - DEWEY DECIMAL CLASSIFICATION NUMBER
Classification number Class No. PM/PDS/18 Acc No. 8969
110 ## - MAIN ENTRY--CORPORATE NAME
Corporate name or jurisdiction name as entry element Parliament of Ghana
245 ## - TITLE STATEMENT
Title Electricity Company of Ghana and Power Distribution Services Ghana Limited - Bulk Supply Agreement relating to purchase and sale of capacity and net electrical output for the supply of electricity to end users in the Southern Distribution Zone, 3rd July 2018
260 ## - PUBLICATION, DISTRIBUTION, ETC.
Place of publication, distribution, etc. Accra:
Name of publisher, distributor, etc. Parliament of Ghana,
Date of publication, distribution, etc. 2018.
300 ## - PHYSICAL DESCRIPTION
Extent ii., [18p.;]
653 ## - INDEX TERM--UNCONTROLLED
Uncontrolled term 1. Supply of electricity to end users in the Southern Distribution Zone 2. Power Distribution Services Ghana Limited 3. Bulk Supply Agreement
942 ## - ADDED ENTRY ELEMENTS (KOHA)
Source of classification or shelving scheme Dewey Decimal Classification
Koha item type Agreements
Suppress in OPAC No
Holdings
Withdrawn status Lost status Source of classification or shelving scheme Damaged status Not for loan Home library Current library Shelving location Date acquired Total checkouts Full call number Date last seen Copy number Price effective from Koha item type
    Dewey Decimal Classification     Main Library Main Library Open Shelves 03/03/2025   PM/PDS/18 Acc No. 8969 03/03/2025 1 03/03/2025 Agreements
©2026  Parliament of Ghana Library - All rights reserved